[Event "29.Schlosspark-Open"]
[Site "Wiesbaden-Biebrich"]
[Date "2017.08.24"]
[Round "1.1"]
[White "Khenkin, Igor"]
[Black "Hoffmann, Jens"]
[Result "1-0"]
[WhiteElo "2565"]
[BlackElo "1869"]
[PlyCount "65"]
[EventDate "2017.??.??"]
[WhiteTeam "SC Heusenstamm"]
[BlackTeam "SF HN-Biberach"]

1. d4 Nf6 2. c4 g6 3. Nc3 d5 4. cxd5 Nxd5 5. e4 Nxc3 6. bxc3 Bg7 7. Nf3 c5 8.
Be3 Nc6 9. Rc1 Bg4 10. d5 Ne5 11. Bb5+ Bd7 12. Bxd7+ Nxd7 13. O-O Qa5 14. Qd2
O-O 15. Bh6 b5 16. Bxg7 Kxg7 17. Qb2 c4 18. Nd4 a6 19. Nc6 Qc7 20. Qd2 e6 21.
Qd4+ e5 22. Qe3 Qd6 23. f4 exf4 24. Rxf4 Ne5 25. Nd4 h5 26. Rcf1 Rae8 27. h3
Nd3 28. Rf5 Re5 29. Ne6+ fxe6 30. Rxf8 Qxf8 31. Rxf8 Kxf8 32. d6 g5 33. Qa7 1-0

[Event "29.Schlosspark-Open"]
[Site "Wiesbaden-Biebrich"]
[Date "2017.08.24"]
[Round "1.2"]
[White "Schlitzer, Felix"]
[Black "Pap, Misa"]
[Result "0-1"]
[WhiteElo "1837"]
[BlackElo "2491"]
[PlyCount "104"]
[EventDate "2017.??.??"]
[WhiteTeam "TuS Dotzheim"]
[BlackTeam "SC Hansa Dortmund"]

1. d4 f5 2. Nf3 Nf6 3. c4 e6 4. Nc3 Bb4 5. Bd2 O-O 6. g3 b6 7. Bg2 Bb7 8. O-O
h6 9. Ne5 Bxg2 10. Kxg2 d6 11. Nd3 Bxc3 12. Bxc3 Qe8 13. b3 b5 14. cxb5 Qxb5
15. Rc1 Nbd7 16. Kg1 Nb6 17. Ba1 Nbd5 18. e3 g5 19. Re1 g4 20. Nf4 Nxf4 21.
exf4 Qd7 22. Qc2 Nd5 23. Qc6 Qxc6 24. Rxc6 Kf7 25. Bc3 a5 26. Rc1 Rfb8 27. Rc4
Rb5 28. Bd2 Ra7 29. Kf1 Ke7 30. Ke2 Kd7 31. f3 Nb6 32. R4c2 a4 33. bxa4 Nxa4
34. fxg4 fxg4 35. Kf2 Nb6 36. Kg2 Rh5 37. Re1 Ra4 38. Be3 Rha5 39. Ree2 Nd5 40.
Bd2 Rxa2 41. Bxa5 Rxc2 42. Rxc2 Ne3+ 43. Kf2 Nxc2 44. Bc3 Kc6 45. Ke2 Kd5 46.
Kd3 Na3 47. Bb2 Nb5 48. Ba1 Na7 49. Bc3 Nc6 50. Bb2 Ne7 51. Bc3 Nf5 52. Bb2 h5
0-1

[Event "29.Schlosspark-Open"]
[Site "Wiesbaden-Biebrich"]
[Date "2017.08.24"]
[Round "1.3"]
[White "Milov, Leonid"]
[Black "Do, Nam"]
[Result "1-0"]
[WhiteElo "2444"]
[BlackElo "1862"]
[PlyCount "71"]
[EventDate "2017.??.??"]
[WhiteTeam "SC Noris-Tarrasch Nürnberg"]
[BlackTeam "SK Sandhausen"]

1. e4 e5 2. Nf3 Nc6 3. Bb5 a6 4. Ba4 Nf6 5. O-O b5 6. Bb3 Be7 7. Re1 O-O 8. d4
d6 9. c3 Bg4 10. d5 Nb8 11. Nbd2 Nbd7 12. h3 Bh5 13. Nf1 h6 14. Ng3 Bxf3 15.
Qxf3 Kh7 16. Nf5 Rg8 17. a4 Nc5 18. Bc2 Nxa4 19. Bxa4 bxa4 20. Rxa4 Bf8 21. Qd3
Qc8 22. Be3 g6 23. Ng3 Nd7 24. Rea1 Nb8 25. b4 Bg7 26. b5 a5 27. Rxa5 Rxa5 28.
Rxa5 Rf8 29. f3 Kh8 30. Ra7 f5 31. Bf2 Rf7 32. b6 fxe4 33. Nxe4 Kg8 34. Qc4 h5
35. Rxc7 Rxc7 36. Qxc7 1-0

[Event "29.Schlosspark-Open"]
[Site "Wiesbaden-Biebrich"]
[Date "2017.08.24"]
[Round "1.4"]
[White "Held, Maurice"]
[Black "Gutman, Lev"]
[Result "0-1"]
[WhiteElo "1856"]
[BlackElo "2410"]
[PlyCount "86"]
[EventDate "2017.??.??"]
[WhiteTeam "SC Ladja Roßdorf"]
[BlackTeam "SV Lingen"]

1. c4 Nf6 2. g3 g6 3. Bg2 Bg7 4. Nc3 O-O 5. e3 c6 6. Nge2 Na6 7. O-O Rb8 8. d4
b5 9. cxb5 cxb5 10. a3 Bb7 11. b4 Bxg2 12. Kxg2 Nc7 13. e4 Qc8 14. Bf4 Qb7 15.
f3 Rbc8 16. Rc1 a6 17. Qd3 d5 18. Bxc7 Rxc7 19. e5 Ne8 20. Rc2 e6 21. Nc1 f6
22. f4 Qc6 23. Rf3 fxe5 24. dxe5 g5 25. Nb3 gxf4 26. Nd4 Qb6 27. gxf4 Rc4 28.
Nce2 Rf7 29. Rh3 Bf8 30. Rg3+ Ng7 31. Rh3 Nf5 32. Nxf5 Rxf5 33. Rxc4 dxc4 34.
Qg3+ Bg7 35. Qh4 h6 36. Rg3 Qb7+ 37. Kg1 Kh7 38. Nd4 Qf7 39. Rxg7+ Qxg7+ 40.
Qg3 Rf7 41. Nxe6 Qxg3+ 42. hxg3 c3 43. Nd4 Rd7 0-1

[Event "29.Schlosspark-Open"]
[Site "Wiesbaden-Biebrich"]
[Date "2017.08.24"]
[Round "1.5"]
[White "Brendel, Oliver"]
[Black "Cichon, Jörg"]
[Result "1-0"]
[WhiteElo "2329"]
[BlackElo "1853"]
[PlyCount "55"]
[EventDate "2017.??.??"]
[WhiteTeam "SV Hofheim"]
[BlackTeam "SF Mainz"]

1. c4 Nf6 2. g3 c5 3. Bg2 Nc6 4. Nf3 g6 5. Nc3 Bg7 6. d4 cxd4 7. Nxd4 O-O 8.
O-O a6 9. c5 Qc7 10. Bg5 Qe5 11. Bxf6 Bxf6 12. Nb3 Nd4 13. Ne4 Nxb3 14. Nxf6+
Qxf6 15. Qxb3 Rb8 16. Qb6 Qe5 17. Rfd1 Ra8 18. e3 f5 19. Rd5 Qb8 20. Rd4 Qe5
21. Rd5 Qb8 22. Rad1 a5 23. Bf1 Rf6 24. Qd8+ Kf7 25. Qh8 h5 26. Bc4 b5 27.
Rxd7+ bxc4 28. Qh7+ 1-0

[Event "29.Schlosspark-Open"]
[Site "Wiesbaden-Biebrich"]
[Date "2017.08.24"]
[Round "1.6"]
[White "John, Volkmar"]
[Black "Baskin, Robert"]
[Result "1-0"]
[WhiteElo "1852"]
[BlackElo "2320"]
[PlyCount "83"]
[EventDate "2017.??.??"]
[WhiteTeam "SK Herborn"]
[BlackTeam "SV Griesheim"]

1. c4 Nf6 2. Nc3 e5 3. Nf3 Nc6 4. d4 exd4 5. Nxd4 Bb4 6. Nxc6 bxc6 7. Bg5 h6 8.
Bh4 Qe7 9. e3 d6 10. Bd3 g5 11. Bg3 Ne4 12. Qc2 Bxc3+ 13. bxc3 Nxg3 14. hxg3
Qe5 15. Rb1 a5 16. Be4 Qc5 17. Qa4 Bd7 18. Bd3 Be6 19. O-O Kd7 20. Rb7 h5 21.
Rfb1 h4 22. Qb3 Rac8 23. gxh4 Rxh4 24. g3 Bxc4 25. Bxc4 Rxc4 26. Rb8 Rxb8 27.
Qxb8 d5 28. Qg8 Qe7 29. Rb8 c5 30. Rf8 Kc6 31. Rxf7 Qd6 32. Qa8+ Kb5 33. Qb7+
Qb6 34. Qxd5 Rxc3 35. Qd2 Rc4 36. Qd3 Qe6 37. Rxc7 Kb6 38. Rd7 Qc6 39. f3 Rc1+
40. Kf2 Rc3 41. Qb1+ Ka6 42. Rg7 1-0

[Event "29.Schlosspark-Open"]
[Site "Wiesbaden-Biebrich"]
[Date "2017.08.24"]
[Round "1.7"]
[White "Dereviagin, Vladislav"]
[Black "Eg, Karlheinz"]
[Result "1-0"]
[WhiteElo "2320"]
[BlackElo "1847"]
[PlyCount "69"]
[EventDate "2017.??.??"]
[WhiteTeam "vereinslos"]
[BlackTeam "SV Rüsselsheim"]

1. d4 Nf6 2. c4 g6 3. Nc3 d5 4. cxd5 Nxd5 5. e4 Nxc3 6. bxc3 Bg7 7. Be3 c5 8.
Qd2 Qa5 9. Rc1 Nd7 10. Nf3 O-O 11. Bd3 b6 12. O-O Ba6 13. Bxa6 Qxa6 14. Bh6
Rfd8 15. Bxg7 Kxg7 16. e5 e6 17. Rfd1 Qc4 18. Qf4 h6 19. a3 Rac8 20. Nd2 Qe2
21. Ne4 g5 22. Qe3 Qxe3 23. fxe3 f5 24. Nd6 Rc7 25. a4 Kg6 26. Kf2 Nb8 27. a5
bxa5 28. Ke2 Nc6 29. Kd3 a6 30. Ra1 Rdd7 31. Rdb1 Ra7 32. Rb6 Rdc7 33. Nc4 Kf7
34. Nxa5 cxd4 35. Nxc6 1-0

[Event "29.Schlosspark-Open"]
[Site "Wiesbaden-Biebrich"]
[Date "2017.08.24"]
[Round "1.8"]
[White "Deppe, Leo Max"]
[Black "Boidman, Yuri"]
[Result "1/2-1/2"]
[WhiteElo "1846"]
[BlackElo "2319"]
[PlyCount "53"]
[EventDate "2017.??.??"]
[WhiteTeam "SC Bad Soden"]
[BlackTeam "SC Heimbach-Weis"]

1. d4 d5 2. c4 c6 3. cxd5 cxd5 4. Bf4 Nc6 5. Nc3 Nf6 6. e3 a6 7. Nf3 Qb6 8. Qd2
Bf5 9. Na4 Qd8 10. Nc5 Ne4 11. Nxe4 Bxe4 12. Ne5 Rc8 13. Rc1 Qb6 14. f3 Bf5 15.
a3 e6 16. Be2 Bd6 17. g4 Bxe5 18. Bxe5 f6 19. Bxf6 O-O 20. Bxg7 Kxg7 21. gxf5
exf5 22. Bd3 f4 23. Qg2+ Kh8 24. Qh3 Rc7 25. Qh6 Rg8 26. Bxh7 Rxh7 27. Qf6+
1/2-1/2

[Event "29.Schlosspark-Open"]
[Site "Wiesbaden-Biebrich"]
[Date "2017.08.24"]
[Round "1.9"]
[White "Spitzl, Vinzent"]
[Black "Weiland, Thomas"]
[Result "1-0"]
[WhiteElo "2310"]
[BlackElo "1844"]
[PlyCount "59"]
[EventDate "2017.??.??"]
[WhiteTeam "SV Griesheim"]
[BlackTeam "SV Oberursel"]

1. e4 d5 2. exd5 Qxd5 3. Nf3 Nf6 4. d4 c6 5. c4 Qd8 6. Be2 Bf5 7. Nc3 e6 8. Bf4
Bd6 9. Bxd6 Qxd6 10. Nh4 Bg6 11. Qb3 Qc7 12. O-O O-O 13. Nxg6 hxg6 14. Rac1
Nbd7 15. d5 exd5 16. cxd5 Rac8 17. dxc6 Qxc6 18. Qa3 Qb6 19. Na4 Qa5 20. b4 Qe5
21. Bf3 Nd5 22. Nc5 N7f6 23. Nd3 Qd4 24. Qb3 Rcd8 25. Rc4 Qb6 26. Rfc1 Ne7 27.
Ne5 Rd2 28. Rc5 Nfd5 29. Nc4 Qxb4 30. Qxb4 1-0

[Event "29.Schlosspark-Open"]
[Site "Wiesbaden-Biebrich"]
[Date "2017.08.24"]
[Round "1.10"]
[White "Miosga, Stefan"]
[Black "Muckle, Julius"]
[Result "0-1"]
[WhiteElo "1824"]
[BlackElo "2309"]
[PlyCount "64"]
[EventDate "2017.??.??"]
[WhiteTeam "SP Plesse Bovenden"]
[BlackTeam "SK Ludwigshafen"]

1. e4 e6 2. d4 d5 3. Nd2 c5 4. exd5 exd5 5. Bb5+ Nc6 6. Qe2+ Be7 7. dxc5 Nf6 8.
Nb3 O-O 9. Be3 Ng4 10. O-O-O Re8 11. Nf3 a6 12. Bc4 Nxe3 13. fxe3 Be6 14. Kb1
Na5 15. Nxa5 Qxa5 16. Bxd5 Bf6 17. Bxe6 Rxe6 18. Nd4 Re4 19. Nb3 Qc7 20. Rhe1
Rae8 21. g3 h6 22. Rd3 a5 23. Nd2 R4e5 24. Qf3 Qxc5 25. Qxb7 R5e6 26. Nb3 Qh5
27. h4 a4 28. Nc1 Qe5 29. e4 Rb8 30. Rd5 Qxb2+ 31. Qxb2 Rxb2+ 32. Ka1 Rb5+ 0-1

[Event "29.Schlosspark-Open"]
[Site "Wiesbaden-Biebrich"]
[Date "2017.08.24"]
[Round "1.11"]
[White "Ehmann, Thilo"]
[Black "Pauly, Markus"]
[Result "1-0"]
[WhiteElo "2294"]
[BlackElo "1812"]
[PlyCount "53"]
[EventDate "2017.??.??"]
[WhiteTeam "SF Sasbach"]
[BlackTeam "Sfr. Erbach"]

1. e4 g6 2. Bc4 Bg7 3. Nc3 c5 4. d3 Nc6 5. a4 a6 6. f4 e6 7. Nf3 Nge7 8. e5 d5
9. Bb3 b6 10. O-O O-O 11. Ne2 Bb7 12. c3 Nf5 13. d4 cxd4 14. Nfxd4 Nfe7 15. Bc2
Qc7 16. Be3 Rac8 17. Qe1 Nxd4 18. Nxd4 Qd7 19. Rf3 b5 20. Rh3 b4 21. Qh4 h6 22.
f5 Bxe5 23. f6 Bxd4 24. Qxh6 Bxe3+ 25. Rxe3 Nf5 26. Bxf5 exf5 27. Qg7# 1-0

[Event "29.Schlosspark-Open"]
[Site "Wiesbaden-Biebrich"]
[Date "2017.08.24"]
[Round "1.12"]
[White "Boder, Jan"]
[Black "Donchenko, Anatoly"]
[Result "0-1"]
[WhiteElo "1808"]
[BlackElo "2291"]
[PlyCount "210"]
[EventDate "2017.??.??"]
[WhiteTeam "SG Mörsdorf-Lahr"]
[BlackTeam "SK Gießen"]

1. c4 e6 2. g3 d5 3. Bg2 Nf6 4. Nf3 Be7 5. b3 b6 6. Bb2 O-O 7. O-O Bb7 8. Ne5
c5 9. f4 Nc6 10. Nxc6 Bxc6 11. d4 Rc8 12. Nd2 dxc4 13. Bxc6 Rxc6 14. Nxc4 Qd5
15. Ne5 Rc7 16. e3 cxd4 17. Bxd4 Rfc8 18. f5 Rc2 19. Qf3 exf5 20. Qxd5 Nxd5 21.
Rxf5 f6 22. Nd3 Nc3 23. Rf2 Ne2+ 24. Kg2 Nxd4 25. exd4 Kf7 26. Re1 Bd6 27. Rfe2
R8c3 28. Nf2 Bb4 29. Kf1 h5 30. Rxc2 Rxc2 31. Re2 Rc1+ 32. Kg2 a5 33. Kf3 f5
34. Nd3 Rc3 35. Re3 Rc2 36. Nxb4 axb4 37. Re2 Rc3+ 38. Re3 Rc2 39. Re2 Rxe2 40.
Kxe2 g5 41. h4 gxh4 42. gxh4 Ke6 43. Kf3 Kd5 44. Kf4 Kxd4 45. Kxf5 Kc3 46. Kg5
Kb2 47. Kxh5 Kxa2 48. Kg4 Kxb3 49. h5 Kc4 50. h6 b3 51. h7 b2 52. h8=Q b1=Q 53.
Qc8+ Kd4 54. Qd8+ Ke3 55. Qg5+ Kd4 56. Qf6+ Kc5 57. Qe5+ Kb4 58. Qe7+ Ka4 59.
Qa7+ Kb5 60. Qd7+ Kb4 61. Qe7+ Kc3 62. Qe3+ Kc4 63. Qe6+ Kd4 64. Qd6+ Ke3 65.
Qf4+ Ke2 66. Qf3+ Kd2 67. Qf4+ Kc3 68. Qe5+ Kc4 69. Qc7+ Kb5 70. Qd7+ Kb4 71.
Qe7+ Kb3 72. Qe6+ Ka3 73. Qe3+ Qb3 74. Qc1+ Kb4 75. Qe1+ Qc3 76. Qb1+ Ka5 77.
Qa2+ Kb5 78. Qd5+ Kb4 79. Qd6+ Ka5 80. Qd5+ b5 81. Qa2+ Kb4 82. Qb1+ Kc4 83.
Qa2+ Kc5 84. Qa7+ Kb4 85. Qe7+ Kb3 86. Qd7 b4 87. Qd1+ Ka3 88. Qd6 Kb2 89. Qh2+
Kb1 90. Qh1+ Ka2 91. Qg2+ Ka3 92. Qa8+ Kb3 93. Kf4 Kc2 94. Qa2+ Kc1 95. Qa5
Qd4+ 96. Kf3 b3 97. Qc7+ Kd1 98. Qh7 b2 99. Qb1+ Kd2 100. Qa2 Qc3+ 101. Kf2 Kc1
102. Kf1 b1=Q 103. Qh2 Qbd3+ 104. Kg1 Qe1+ 105. Kg2 Qdf1# 0-1

[Event "29.Schlosspark-Open"]
[Site "Wiesbaden-Biebrich"]
[Date "2017.08.24"]
[Round "1.13"]
[White "Nehmert, Ulrich"]
[Black "Diener, Carolin Valeria"]
[Result "1-0"]
[WhiteElo "2276"]
[BlackElo "1774"]
[PlyCount "59"]
[EventDate "2017.??.??"]
[WhiteTeam "Wiesbadener SV"]
[BlackTeam "SK Bad Homburg"]

1. c4 e5 2. Nc3 Nc6 3. Nf3 Bb4 4. Nd5 Bc5 5. b4 Bd4 6. Rb1 e4 7. Nxd4 Nxd4 8.
Bb2 Ne6 9. Qc2 f5 10. g4 c6 11. gxf5 cxd5 12. fxe6 Nf6 13. cxd5 dxe6 14. d6 O-O
15. Qc7 Qxc7 16. dxc7 Bd7 17. Rg1 Bc6 18. Rc1 Rac8 19. Bh3 Bd5 20. a4 Rf7 21.
Be5 Ne8 22. Rg3 Nf6 23. b5 Nd7 24. Bd4 Nb6 25. Bxb6 axb6 26. Rgc3 e3 27. dxe3
Rf6 28. Rd1 Rff8 29. e4 Ba2 30. Rd2 1-0

[Event "29.Schlosspark-Open"]
[Site "Wiesbaden-Biebrich"]
[Date "2017.08.24"]
[Round "1.14"]
[White "Schöber, Sebastian"]
[Black "Haag, Martin"]
[Result "0-1"]
[WhiteElo "1808"]
[BlackElo "2263"]
[PlyCount "92"]
[EventDate "2017.??.??"]
[WhiteTeam "Wiesbadener SV"]
[BlackTeam "SC Bonn Beuel"]

1. d4 d5 2. Bf4 e6 3. Nf3 Bd6 4. Bg3 Nf6 5. e3 O-O 6. Bd3 c5 7. c3 Nc6 8. Nbd2
b6 9. Ne5 Bb7 10. O-O Qc7 11. f4 Ne7 12. Qf3 Nf5 13. Bf2 Be7 14. g4 Nd6 15. Bg3
Nfe4 16. Qg2 f6 17. Nef3 Qc8 18. Qe2 a5 19. a4 Bc6 20. Qg2 Qd7 21. Bc2 Rac8 22.
h4 Kh8 23. Kh2 Nxd2 24. Nxd2 f5 25. g5 Ne4 26. Nf3 Bd6 27. h5 Kg8 28. Rfd1 Qc7
29. Bxe4 dxe4 30. Ne5 Rfd8 31. b3 cxd4 32. cxd4 Bxe5 33. fxe5 Bd5 34. Rab1 Qe7
35. Be1 Rf8 36. b4 f4 37. bxa5 bxa5 38. Rb2 fxe3 39. Qg4 Rf5 40. Bh4 Qf8 41.
Bg3 Qa3 42. Rb5 Qxa4 43. Rxd5 Qa2+ 44. Kh3 Qxd5 45. g6 h6 46. Bh4 Rf3+ 0-1

[Event "29.Schlosspark-Open"]
[Site "Wiesbaden-Biebrich"]
[Date "2017.08.24"]
[Round "1.15"]
[White "Minor, Samuel"]
[Black "Triantafillidis, Simeon"]
[Result "1-0"]
[WhiteElo "2244"]
[BlackElo "1801"]
[PlyCount "73"]
[EventDate "2017.??.??"]
[WhiteTeam "Wiesbadener SV"]
[BlackTeam "SF HN-Biberach"]

1. e4 e5 2. Nf3 Nc6 3. d4 exd4 4. Nxd4 Bc5 5. Be3 Qf6 6. c3 Nge7 7. Bc4 O-O 8.
O-O Ne5 9. Bb3 d6 10. Kh1 Ng4 11. Qf3 Ng6 12. Qxf6 Nxf6 13. f3 Ne5 14. Nd2 Bd7
15. Rae1 a5 16. f4 Ng6 17. h3 Rae8 18. Bc2 b5 19. g4 Bb6 20. g5 Nh5 21. Kh2 c5
22. Nf5 Bxf5 23. exf5 Ngxf4 24. c4 Bc7 25. Kg1 Nxh3+ 26. Kg2 N3f4+ 27. Kf3 d5
28. Bxc5 Rxe1 29. Rxe1 Rb8 30. cxb5 f6 31. gxf6 gxf6 32. Re7 Bd8 33. Rd7 Rc8
34. Bd6 Rxc2 35. Rxd8+ Kf7 36. b6 Rxb2 37. Nb3 1-0

[Event "29.Schlosspark-Open"]
[Site "Wiesbaden-Biebrich"]
[Date "2017.08.24"]
[Round "1.16"]
[White "Schubert, Wolfgang"]
[Black "Kiefer, Daniel"]
[Result "0-1"]
[WhiteElo "1806"]
[BlackElo "2219"]
[PlyCount "84"]
[EventDate "2017.??.??"]
[WhiteTeam "Wiesbadener SV"]
[BlackTeam "SF Mainz"]

1. e4 c5 2. Nf3 Nc6 3. d4 cxd4 4. Nxd4 Qb6 5. Nb3 Nf6 6. Nc3 e6 7. Be3 Qc7 8.
a3 Be7 9. Be2 O-O 10. O-O a6 11. f4 d6 12. Bf3 b5 13. Qe2 Bb7 14. Rad1 Rac8 15.
Rfe1 b4 16. axb4 Nxb4 17. Qf2 Rfe8 18. Bb6 Qb8 19. Na5 Nd7 20. Ba7 Qc7 21. Nxb7
Qxb7 22. Be3 Qb8 23. Rd2 Rc6 24. Nb1 a5 25. c3 Na6 26. g3 Nac5 27. Red1 Nb3 28.
Re2 Rec8 29. Na3 Qb7 30. Nc2 Nb6 31. Nd4 Nxd4 32. Rxd4 Nc4 33. Kg2 Rb8 34. Bc1
Bd8 35. Qe1 Bb6 36. Rd3 Bc5 37. Qd1 Rb6 38. Qa4 Nxb2 39. Bxb2 Rxb2 40. Rdd2 Rb1
41. e5 Rg1+ 42. Kh3 Qxf3 0-1

[Event "29.Schlosspark-Open"]
[Site "Wiesbaden-Biebrich"]
[Date "2017.08.24"]
[Round "1.17"]
[White "Müller, Philipp"]
[Black "Haftmann, Rainer"]
[Result "1-0"]
[WhiteElo "2223"]
[BlackElo "1800"]
[PlyCount "73"]
[EventDate "2017.??.??"]
[WhiteTeam "SK Rochade Augsburg"]
[BlackTeam "SG Dietzenbach"]

1. e4 e5 2. Nf3 Nc6 3. Bb5 a6 4. Bxc6 dxc6 5. O-O f6 6. d4 exd4 7. Nxd4 c5 8.
Nb3 Qxd1 9. Rxd1 Bd7 10. Be3 b6 11. a4 a5 12. Nc3 O-O-O 13. Nd2 Ne7 14. Nc4 Nc6
15. Nd5 Kb7 16. Bf4 Be6 17. c3 Bxd5 18. exd5 Nb8 19. h4 Bd6 20. Bxd6 cxd6 21.
Re1 Kc7 22. Re7+ Rd7 23. Rae1 Rhd8 24. g4 Rxe7 25. Rxe7+ Rd7 26. Re8 Na6 27.
Re6 Nb8 28. Kg2 Na6 29. f4 Nb8 30. Kf3 Na6 31. Ke4 Nb8 32. h5 Na6 33. h6 Nb8
34. Nxd6 gxh6 35. Ne8+ Kd8 36. Nxf6 Re7 37. Ke5 1-0

[Event "29.Schlosspark-Open"]
[Site "Wiesbaden-Biebrich"]
[Date "2017.08.24"]
[Round "1.18"]
[White "Meding, Olaf"]
[Black "Jahnel, Günther"]
[Result "0-1"]
[WhiteElo "1799"]
[BlackElo "2222"]
[PlyCount "54"]
[EventDate "2017.??.??"]
[WhiteTeam "SF Mainz"]
[BlackTeam "FVS ASP Hoyerswerda"]

1. d4 Nf6 2. Bf4 d5 3. e3 e6 4. Nd2 Bd6 5. Bg3 O-O 6. Bd3 b6 7. c3 Bb7 8. Ngf3
Ne4 9. Ne5 f6 10. Bxe4 dxe4 11. Nec4 Be7 12. O-O Bd5 13. a4 c5 14. Qe2 Qd7 15.
Rfd1 Qb7 16. Na3 Nd7 17. Nb5 cxd4 18. cxd4 Rfc8 19. Nb1 Bb3 20. N1c3 a6 21. Nd6
Bxd6 22. Bxd6 Bxd1 23. Qxd1 Qc6 24. Bg3 Ra7 25. d5 exd5 26. Nxd5 Nc5 27. Rc1
Rd7 0-1

[Event "29.Schlosspark-Open"]
[Site "Wiesbaden-Biebrich"]
[Date "2017.08.24"]
[Round "1.19"]
[White "Nagel, Bernhard"]
[Black "Houtsma, Sybrand"]
[Result "1/2-1/2"]
[WhiteElo "2212"]
[BlackElo "1798"]
[PlyCount "42"]
[EventDate "2017.??.??"]
[WhiteTeam "Kölner SK Dr. Lasker"]
[BlackTeam "SC Assen"]

1. c4 e5 2. Nc3 Nf6 3. Nf3 Nc6 4. e3 d5 5. cxd5 Nxd5 6. Bb5 Nxc3 7. bxc3 Bd7 8.
O-O Bd6 9. e4 O-O 10. d3 a6 11. Ba4 Re8 12. Bb3 Be6 13. Ng5 Bxb3 14. Qxb3 Qd7
15. f4 h6 16. Nh3 Bc5+ 17. Kh1 Qxd3 18. Bb2 Na5 19. Qd1 Qxd1 20. Raxd1 Rad8 21.
Bc1 Nc4 1/2-1/2

[Event "29.Schlosspark-Open"]
[Site "Wiesbaden-Biebrich"]
[Date "2017.08.24"]
[Round "1.20"]
[White "Sefeloge, Michael"]
[Black "Chandler, Patrick"]
[Result "1/2-1/2"]
[WhiteElo "1797"]
[BlackElo "2211"]
[PlyCount "64"]
[EventDate "2017.??.??"]
[WhiteTeam "SV Lahnstein"]
[BlackTeam "SC Nied"]

1. d4 Nf6 2. c4 e6 3. Nc3 Bb4 4. Nf3 b6 5. e3 Bb7 6. Be2 O-O 7. O-O Bxc3 8.
bxc3 c5 9. Qb3 d6 10. Rd1 Qc7 11. Rb1 Nc6 12. Ba3 Na5 13. Qb2 Rfd8 14. Nd2 Rac8
15. Nb3 Qc6 16. d5 Qa4 17. Nxa5 Qxa5 18. Bf3 Qa6 19. Qb3 Rb8 20. e4 Bc8 21. Bc1
Bd7 22. Bg5 Ba4 23. Qa3 Qa5 24. Re1 e5 25. Bxf6 gxf6 26. Bd1 Bd7 27. Qxa5 bxa5
28. Bc2 Rb6 29. Rxb6 axb6 30. Rb1 Rb8 31. a4 Kg7 32. Re1 h5 1/2-1/2

[Event "29.Schlosspark-Open"]
[Site "Wiesbaden-Biebrich"]
[Date "2017.08.24"]
[Round "1.21"]
[White "Pohle, Dirk"]
[Black "Armbrust, Matthias"]
[Result "1-0"]
[WhiteElo "2180"]
[BlackElo "1796"]
[PlyCount "55"]
[EventDate "2017.??.??"]
[WhiteTeam "SC Solingen 28"]
[BlackTeam "SF Lindlar"]

1. e4 c5 2. Nf3 d6 3. d4 cxd4 4. Nxd4 Nf6 5. Nc3 Nc6 6. Be2 e6 7. Be3 Be7 8.
Qd2 a6 9. O-O O-O 10. f4 d5 11. e5 Nd7 12. Rad1 Qc7 13. Bg4 Nc5 14. Qf2 Nxd4
15. Bxd4 b5 16. a3 Ne4 17. Nxe4 dxe4 18. Rfe1 Bb7 19. Kh1 Rac8 20. c3 Bd5 21.
f5 exf5 22. Bxf5 Be6 23. Bxe4 Bb3 24. Rd3 Bc4 25. Bxh7+ Kxh7 26. Rh3+ Kg8 27.
Qf5 g6 28. e6 1-0

[Event "29.Schlosspark-Open"]
[Site "Wiesbaden-Biebrich"]
[Date "2017.08.24"]
[Round "1.23"]
[White "Engel, Berthold"]
[Black "Anhalt, Albert"]
[Result "1-0"]
[WhiteElo "2177"]
[BlackElo "1789"]
[PlyCount "85"]
[EventDate "2017.??.??"]
[WhiteTeam "BG Buchen"]
[BlackTeam "SG Idstein"]

1. Nf3 Nf6 2. b3 d6 3. d4 Bf5 4. Bg5 Nbd7 5. Nh4 Bg6 6. Nxg6 hxg6 7. g3 c6 8.
Bg2 e5 9. O-O Be7 10. e4 Qc7 11. c4 O-O-O 12. Nc3 Qa5 13. Bd2 Qc7 14. d5 Kb8
15. Be3 Nh5 16. Bf3 Ndf6 17. dxc6 bxc6 18. Qd3 Qd7 19. Bg2 Ng4 20. h3 Nxe3 21.
Qxe3 f5 22. exf5 gxf5 23. Qe2 e4 24. Rad1 Bf6 25. Qe1 Be5 26. Ne2 Nf6 27. Nf4
Rh6 28. h4 d5 29. cxd5 cxd5 30. Ne2 d4 31. f4 exf3 32. Rxf3 Ne4 33. Qa5 Bc7 34.
Qxf5 Qxf5 35. Rxf5 Nxg3 36. Nxg3 Bxg3 37. Rf7 Bc7 38. Rc1 d3 39. Rcxc7 Rb6 40.
Rcd7 Kc8 41. Bb7+ Rxb7 42. Rxb7 Rd6 43. Rbc7+ 1-0

[Event "29.Schlosspark-Open"]
[Site "Wiesbaden-Biebrich"]
[Date "2017.08.24"]
[Round "1.24"]
[White "Ehmann, Johanna"]
[Black "Köllner, Ruben Gideon"]
[Result "1/2-1/2"]
[WhiteElo "1767"]
[BlackElo "2176"]
[PlyCount "102"]
[EventDate "2017.??.??"]
[WhiteTeam "SF Sasbach"]
[BlackTeam "SG Bochum"]

1. e4 d6 2. Bc4 Nf6 3. d3 e5 4. f4 Be7 5. Nf3 Nc6 6. a3 O-O 7. O-O exf4 8. Bxf4
Be6 9. Ba2 Nd7 10. Nc3 Bxa2 11. Rxa2 Nb6 12. Qe1 Bf6 13. Ne2 Re8 14. Qg3 Qe7
15. Bg5 Bxg5 16. Nxg5 f6 17. Nf3 d5 18. Nc3 Rad8 19. Raa1 Qc5+ 20. Rf2 d4 21.
Na2 Qd6 22. Qg4 Ne5 23. Nxe5 Rxe5 24. Rf5 Rxf5 25. Qxf5 Re8 26. Rf1 Re5 27. Qh3
Qe6 28. Qxe6+ Rxe6 29. c3 Rd6 30. Rf3 Na4 31. cxd4 Rxd4 32. b3 Nc5 33. Nc1 a5
34. Kf2 Ne6 35. Ke3 c5 36. Ne2 Rd6 37. Rf1 Rb6 38. Rb1 Kf7 39. d4 cxd4+ 40.
Nxd4 Nxd4 41. Kxd4 Ke6 42. b4 axb4 43. Rxb4 Rd6+ 44. Ke3 Rd7 45. Rb6+ Ke7 46.
a4 Kd8 47. a5 Ke7 48. a6 bxa6 49. Rxa6 Rb7 50. Kf4 Kf7 51. h4 Rc7 1/2-1/2

[Event "29.Schlosspark-Open"]
[Site "Wiesbaden-Biebrich"]
[Date "2017.08.24"]
[Round "1.25"]
[White "Klein, Joachim"]
[Black "Siegismund, Florian"]
[Result "1-0"]
[WhiteElo "2170"]
[BlackElo "1784"]
[PlyCount "69"]
[EventDate "2017.??.??"]
[WhiteTeam "SC Illingen"]
[BlackTeam "SK Bad Schwalbach"]

1. e4 c5 2. Nf3 e6 3. g3 Nc6 4. Bg2 d6 5. O-O g6 6. c3 Bg7 7. d4 cxd4 8. cxd4
Nge7 9. Nc3 d5 10. e5 a6 11. Bf4 O-O 12. Qd2 Nf5 13. Bh3 f6 14. Bxf5 exf5 15.
Rfe1 Re8 16. exf6 Rxe1+ 17. Rxe1 Bxf6 18. Bg5 Nxd4 19. Nxd4 Bxg5 20. Qd3 Bd7
21. Nxd5 Bc6 22. Nb4 Bd5 23. Nxf5 Bxa2 24. Nd6 Qa5 25. Re4 Bf7 26. Nxf7 Kxf7
27. Qd7+ Kg8 28. h4 Bf6 29. Qxb7 Rf8 30. Nd5 Qa1+ 31. Kg2 Qxb2 32. Qxa6 Bxh4
33. Qe6+ Kh8 34. Re2 Qf6 35. Nxf6 1-0

[Event "29.Schlosspark-Open"]
[Site "Wiesbaden-Biebrich"]
[Date "2017.08.24"]
[Round "1.26"]
[White "Donecker, Stefan"]
[Black "Everett, Elijah"]
[Result "0-1"]
[WhiteElo "1781"]
[BlackElo "2168"]
[PlyCount "44"]
[EventDate "2017.??.??"]
[WhiteTeam "TuS Dotzheim"]
[BlackTeam "SF Schöneck"]

1. d4 Nf6 2. Nc3 d5 3. Bg5 Nbd7 4. e3 g6 5. Be2 Bg7 6. Nf3 O-O 7. O-O b6 8. Ne5
Bb7 9. f4 c5 10. Rc1 Rc8 11. Qe1 cxd4 12. exd4 Ne4 13. Nxe4 dxe4 14. Bh4 Nxe5
15. dxe5 Qd4+ 16. Qf2 Qxb2 17. Bxe7 Rfe8 18. Bd6 Rxc2 19. Rxc2 Qxc2 20. f5 Qxa2
21. e6 gxf5 22. exf7+ Qxf7 0-1

[Event "29.Schlosspark-Open"]
[Site "Wiesbaden-Biebrich"]
[Date "2017.08.24"]
[Round "1.27"]
[White "Friesen, Viktor"]
[Black "Zeyen, Helmut"]
[Result "1-0"]
[WhiteElo "2167"]
[BlackElo "1781"]
[PlyCount "63"]
[EventDate "2017.??.??"]
[WhiteTeam "SC Porta Westfalica"]
[BlackTeam "Wiesbadener SV"]

1. Nf3 Nc6 2. d4 d5 3. g3 Nf6 4. Bg2 Bf5 5. O-O e6 6. c4 dxc4 7. Qa4 Bd6 8. Nc3
O-O 9. Bg5 Be7 10. Qxc4 a6 11. a3 h6 12. Bf4 Nd5 13. Rac1 Nxf4 14. gxf4 Rc8 15.
Rfd1 Na5 16. Qa2 Bd6 17. e3 b5 18. Nd2 Qh4 19. b4 g5 20. bxa5 gxf4 21. e4 Bh3
22. Bxh3 Qxh3 23. f3 Kh8 24. Kh1 Rg8 25. Rg1 Rg3 26. e5 Be7 27. Nce4 Rcg8 28.
Nxg3 fxg3 29. Ne4 Bxa3 30. Rc2 b4 31. Rcg2 h5 32. Nf6 1-0